| 000 | 00463nam a2200181Ia 4500 | ||
|---|---|---|---|
| 005 | 20230121093504.0 | ||
| 008 | 131103s9999 xx 000 0 und d | ||
| 040 | _aLoreto College | ||
| 041 | _aEnglish | ||
| 082 |
_a824.08 _bWIL |
||
| 245 | 2 |
_aA book of english essay _cselected by W.E.Williams |
|
| 260 |
_aLondon _bPenguin Books _c1980 |
||
| 300 | _a384 p. | ||
| 440 | _aPenguin Engish Literary | ||
| 700 | _aWilliam,W.E. | ||
| 850 | _aLCLIB | ||
| 942 | _cBK | ||
| 999 |
_c5200 _d55679 |
||